Chiffres de 0 à 9 en toutes lettres en 15 secondes - Statistiques

Statistiques générales
  • Ce quiz a été pris 379 fois
  • Le résultat moyen est 8 sur 10
Statistiques - réponses
Chiffre Chiffre en lettres % Correct
1 Un
85%
5 Cinq
83%
2 Deux
80%
8 Huit
77%
4 Quatre
77%
7 Sept
77%
9 Neuf
73%
6 Six
71%
0 Zéro
71%
3 Trois
60%
Aucun quiz correspondant
Distribution des résultats
% des personnes avec chaque résultat
Percentile par nombre de réponses
Votre historique - résultats
Vous n’avez pas pris ce quiz